Cơ sở lập chương trình cho máy tính điện tử

Đã lưu trong:
Sonraí Bibleagrafaíochta
Príomhúdar: Nguyễn Bá Hào
Formáid: Leabhar
Teanga:Undetermined
Foilsithe: Hà Nội ĐH và THCN 1980
Ábhair:
Clibeanna: Cuir Clib Leis
Gan Chlibeanna, Bí ar an gcéad duine leis an taifead seo a chlibeáil!
Thư viện lưu trữ: Trung tâm Học liệu Trường Đại học Cần Thơ
LEADER 00557nam a2200169Ia 4500
001 CTU_5057
008 210402s9999 xx 000 0 und d
082 |a 003.54 
082 |b H108 
100 |a Nguyễn Bá Hào 
245 0 |a Cơ sở lập chương trình cho máy tính điện tử 
245 0 |c Nguyễn Bá Hào, Đỗ Xuân Lôi 
260 |a Hà Nội 
260 |b ĐH và THCN 
260 |c 1980 
650 |a programming languages ( electronic computers ) 
980 |a Trung tâm Học liệu Trường Đại học Cần Thơ